| 000 | 01381nam a2200325 c 4500 | ||
|---|---|---|---|
| 003 | BLK | ||
| 005 | 20180422111038.0 | ||
| 008 | 180409b bul|||||r ||||||| ||bul|| | ||
| 010 | _aKNG00130530000 | ||
| 040 | _aBLK | ||
| 041 |
_aBUL _cBUL |
||
| 080 |
_aСоциография. Социално положение. Условия на политическия и социалния живот. Социално и социално-икономическо положение на отделните страни, народи, раси. Социална география. (Общи въпроси) _b308 _x(71) _z308(71) |
||
| 100 | 1 |
_aБаева, Мария _eпърви автор _9377425 |
|
| 139 |
_aБаева, Мария _bБ 13 |
||
| 245 | 1 | 0 |
_aЗелените полета на Канада _bОчерци _cМария Баева. |
| 257 | _aBGR | ||
| 260 |
_аСофия _bНар. младеж _c1987 |
||
| 300 |
_a96 с., 8 л. _bцв. ил. _c20 см |
||
| 380 | _a3 | ||
| 500 | _a4 500 тир. | ||
| 650 | 4 |
_aКанада - пътеписи _9278795 |
|
| 651 | 4 |
_aКанада _9178999 |
|
| 653 | _aКанада | ||
| 653 | _aпътеписи | ||
| 852 | _aЦб 147231 | ||
| 856 | 4 |
_qpdf _u |
|
| 856 | 4 |
_qpdf _u |
|
| 942 |
_cKNG _n0 |
||
| 944 |
_aCR _c12.05.2012 _l12.05.2012 - от С1,Р / 12.05.2012 _kДиана_Димитрова |
||
| 944 |
_aED _c12.05.2012 _l12.05.2012 - от С1,Р / 12.05.2012 _k |
||
| 999 |
_c124861 _d124861 |
||